01069nam a2200193Ia 4500001001100000003001000011008004100021040002500062041001300087100003400100245003500134250001100169260006000180300002600240500023600266501011400502520023600616650002300852L248-15895IT-CnALBA170116s9999||||xx |||||||||||||| ||und|| aIT-CnALBAcIT-CnALBA aITALIANO aDE BERULLE PIETRO, CARDINALE. 0aCURA E DIREZIONE DELLE ANIME.  a2a ed. a MILANO BOLOGNAbANCORA EDITRICE c1942 [1° Ed.: n.d.] a80 p. (prefazione: 3) aTRADUZIONE DAL FRANCESE DI MAURILIO ANDREOLETTI. LETTERA AI SUPERIORE DELL'ORATORIO. MINISTERO E DIREZIONE DELLE ANIME. CONDIZIONI. FINE. SCIENZA. UMILTÀ. PIETÀ. DOVERI. DISPOSIZIONI. AUTORITÀ. CARITÀ. STIMA. BUON ESEMPIO ' aSocietà San Paolo EM - Piazza San Paolo, 14 - 12051 ALBA (CN) (non commercial uses only) ® Copyright 2017 aTRADUZIONE DAL FRANCESE DI MAURILIO ANDREOLETTI. LETTERA AI SUPERIORE DELL'ORATORIO. MINISTERO E DIREZIONE DELLE ANIME. CONDIZIONI. FINE. SCIENZA. UMILTÀ. PIETÀ. DOVERI. DISPOSIZIONI. AUTORITÀ. CARITÀ. STIMA. BUON ESEMPIO ' aASCETICA E MISTICA